01357cam a22003494i 4500003000900000005001700009008004100026035001900067040003300086082002100119100003000140245012300170264004700293300002700340336002100367337002500388338002300413504005600436505039300492526001000885526001000895526001000905526001000915526000800925526000800933526000800941526000800949526000800957526000800965526000800973650002600981PE-LiUPU20250731172825.0150617s r 000 0 d a(Sirsi) a15067 aPE-LiUPUbspacPE-LiUPUerda04a263.2bG473s2211 aGilfillan, James,eautor.14aThe sabbath viewed in the light of reason, revelation, and history with sketches of its literature /cJames Gilfillan. 1aNew York :bAmerican Tract Society,c1862. a635 páginas ;c20 cm atext2rdacontent aunmediated2rdamedia avolume2rdacarrier aIncluye notas bibliográficas al pie de páginas.0 aSketches of Sabbatic controversies and literature. -Proofs, from reason and experience, of the excelence and divine origin of the Sabbath. -Testimony of revelation to a sacred and perpetual Sabbath. -Evidence from history for a weekly day of rest and worshipáginas -The Sabbath defended against opposing arguments, theories, and schemes. -The claims of the Sabbath practically enforced. aSEG42 aSEG41 aSEG40 aSEG39 aP94 aP87 aP86 aP85 aP77 aP76 aP35 0aSábado en la biblia